| 000 | 00710nam a22002055i 4500 | ||
|---|---|---|---|
| 001 | 160815 | ||
| 003 | ES-MaACL | ||
| 005 | 20230906212130.0 | ||
| 008 | 950206s1887 sp |||| | spa d | ||
| 040 |
_aGA _bspa _cCCPB | PA2 |
||
| 100 | 1 |
_aNovo y Garcia, Victorino. _9130540 |
|
| 245 | 1 | 0 |
_aRomancero de Galicia / _cpor V. Novo y Garcia ; con un prólogo de Benito Vicetto. |
| 260 |
_aLa Coruña : _bAndrés Martínez, _c1887 ( _fJosé Miguez Peinó y H. impresores) |
||
| 300 |
_aXII, 172 p. ; _c19 cm. |
||
| 490 | 1 |
_aBiblioteca Gallega ; _v11 |
|
| 700 | 1 |
_aVicetto, Benito. _9133671 |
|
| 830 | 0 |
_aBiblioteca Gallega ; _v11 _9180864 |
|
| 852 |
_aES-MaACL _jG-9206 _z-- Enc. pasta |
||
| 999 |
_c160815 _d160815 |
||